| 000 | 00356nam a2200133 a 4500 | ||
|---|---|---|---|
| 005 | 20140513081056.0 | ||
| 008 | 070907s19uu xx 00 eng d | ||
| 050 |
_aVCD _bCr883 2003 |
||
| 245 | _aCrazy for colors. | ||
| 260 |
_aPhilippines : _bBaby BumbleBee/Magna Vision, _c2003. |
||
| 440 | _aBumbleBee Kids | ||
| 650 | _aColors-primary. | ||
| 999 |
_c116537 _d116537 |
||